000 00997njm a2200289Ia 4500
001 25536
003 IT-RoPAU
005 20220918181129.0
008 131025s9999 xx 000 0 und d
040 _aIT-RoPAU
040 _cIT-RoPAU
999 _c100460
_d100460
999 _bn.d.
100 _aEno Brian
_911851
100 _eAutore musica
_911852
100 _gCodice autore musica SPICS: 11870
_911853
245 _aApollo Atmospheres & Soundtracks
250 _a1a ed.
260 _aITALIA
260 _bEG RECORDS
_c1983 [1a Ed.:1983 - Ed. Lingua Orig.: 1983]
300 _aDISCO
300 _c49 minuti (Testo: pag.)
500 _aMusica strumentale
505 _aUnder Stars - The Secret Place - Matta - Signals - An Ending (Ascent) - Under Stars II - Drift - Silver Mornings - Deep Blue Day - Weightless - Always Returning - Stars
650 _aSTRUMENTALE [DISCHI]
_eCodice MATERIA SPICS: 9950
_9828
700 _aEno Brian
_gCodice interprete SPICS: 11870
_eInterprete
_911854
942 _cMD
_2ddc